LEADER 02269nas a2200361 i 4500 001 000000231183 003 CaOOAMICUS 005 20140715000000.0 008 140715b2014 it uu u0 0ita r 013 $a210086 040 $aSeMil$bita 240 10$aPrima Pagina ; Europa ; Fatti e Pensieri ; Regione.$0(OLS)http://semarc/title/303697 245 10$a[2014 :$bluglio-settembre]. 260 $aRoma :$bSocietą per l'Informazione Religiosa (SIR),$cstampa 2014. 300 $a1 v. (varie sequenze) :$bill. ;$c30 cm. 500 $aStampe degli articoli dal sito internet www.agensir.it. - VOLUME IN COMPOSIZIONE. 773 0 $tSIR.$dRoma : Societą per l'Informazione Religiosa (SIR), 1989.$w()12736 774 0 $tSettimana dal 30 giugno al 6 luglio. - [76] p. - Titolo dalla copertina. - In copertina.$w()281309 774 0 $tSettimana dal 7 al 13 luglio. - [64] p. - Titolo dalla copertina. - In copertina.$w()281382 774 0 $tSettimana dal 14 al 20 luglio. - [70] p. - Titolo dalla copertina. - In copertina.$w()281430 774 0 $tSettimana dal 21 al 27 luglio. - [66] p. - Titolo dalla copertina. - In copertina.$w()281445 774 0 $tSettimana dal 28 luglio al 3 agosto. - [64] p. - Titolo dalla copertina. - In copertina.$w()281473 774 0 $tSettimana dal 4 al 10 agosto. - [52] p. - Titolo dalla copertina. - In copertina.$w()281549 774 0 $tSettimana dal 25 al 31 agosto. - [54] p. - Titolo dalla copertina. - In copertina.$w()281550 774 0 $tSettimana dall'1 al 7 settembre. - [66] p. - Titolo dalla copertina. - In copertina.$w()281597 774 0 $tSettimana dall'8 al 14 settembre. - [68] p. - Titolo dalla copertina. - In copertina.$w()281668 774 0 $tSettimana dal 15 al 21 settembre. - [70] p. - Titolo dalla copertina. - In copertina.$w()281669 774 0 $tSettimana dal 22 al 28 settembre. - [70] p. - Titolo dalla copertina. - In copertina.$w()281713 850 $aSeMil 852 $aSeMil$W1$xVenegono$y1$m$j2960$B181529$CSeMilBibl$Z2$F0 $82 961 $aAbbonamento: Societą per l'Informazione Religiosa (SIR) 996 $6245$a[2014 :$bluglio-settembre]$9(OLS)http://semarc/title/330183 996 $6260$aRoma :$bSocietą per l'Informazione Religiosa (SIR)$9(OLS)http://semarc/publisher/33517 LEADER 01234nam a2200241 i 4500 001 000000195972 003 CaOOAMICUS 005 20110110000000.0 008 110110n it u000 u ita u 013 $a174652 040 $aSeMil$bita 100 1 $aMartelli, Gisberto.$0(OLS)http://semarc/name/19838 245 10$aRicerche e precisazioni sull'ambiente del «Cenacolo vinciano» nel complesso monumentale milanese di Santa Maria delle Grazie /$cGisberto Martelli. 260 $a[S.l. :$bs.n.],$c[1978] 300 $a1 v. :$briccamente ill. ;$c28 cm. 500 $aA pič della copertina : Estratto dal Notiziario della Banca Popolare di Sondrio, «Speciale Milano» n. 18, dicembre 1978. - Fondo Card. Giovanni Colombo. 650 4$aMilano - Chiese - Santa Maria delle Grazie.$0(OLS)http://semarc/subject/46308 850 $aSeMil 852 $aSeMil$W1$xVenegono$y1$m5D XI 18/5$j146539$B146539$CSeMilBibl$Z2$F158002 $81 941 1 $a3 961 $aLascito: Colombo Card. Giovanni 996 $6245$aRicerche e precisazioni sull'ambiente del «Cenacolo vinciano» nel complesso monumentale milanese di Santa Maria delle Grazie$9(OLS)http://semarc/title/282905 996 $6260$a[S.l. :$bs.n.]$9(OLS)http://semarc/publisher/29751